00909njm a2200253Ia 450000100060000000300090000600500170001500800410003204000130007304000130008610000190009910000180011810000380013624500170017425000110019126000120020226000530021430000100026730000300027750000240030750502080033165000530053970000630059282707IT-RoPAU20220918181135.0131025s9999 xx 000 0 und d aIT-RoPAU cIT-RoPAU aPonty Jean-Luc eAutore musica gCodice autore musica SPICS: 10082 aStorytelling a1a ed. aHOLLAND bCBSc1989 [1a Ed.:1989 - Ed. Lingua Orig.: 1989] aDISCO c44 minuti (Testo: 0 pag.) aMusica strumentale. aThe Story Teller - The Amazon Forest - After the Storm - A Journey's End - Chopin Prelude n. 20 (With Violin Improvisation) Chopin - In the Fast Lane - Tender Memories - Spring Episode - Pastoral Harmony aSTRUMENTALE [DISCHI]eCodice MATERIA SPICS: 9950 aPonty Jean-LucgCodice interprete SPICS: 10082eInterprete